| 000 | 00566cam a2200241I 4500 | ||
|---|---|---|---|
| 001 | 30818 | ||
| 003 | GBCCL | ||
| 005 | 20241126110423.0 | ||
| 008 | 740628s1956 xx 000 0 eng d | ||
| 020 | _a1852401540 | ||
| 035 | _a(OCoLC)00931644 | ||
| 040 |
_aBSC _cBSC |
||
| 049 | _aLBBK | ||
| 082 |
_a236.24 _bBUC |
||
| 092 |
_a237 _bB716 |
||
| 100 | 1 |
_aBuchanan, Alex _94549 |
|
| 245 | 1 | 0 | _aHeaven and hell, |
| 260 |
_aEngland : _bSovereign world _c1995 |
||
| 300 |
_a253 p. _c20 cm. |
||
| 650 | 0 |
_aHeaven. _92820 |
|
| 650 | 0 |
_aHell. _94550 |
|
| 942 |
_2ddc _cBK _010 |
||
| 999 |
_c2218 _d2218 |
||